000 00730nam a2200253Ia 4500
003 OSt
005 20220918171009.0
006 a|||||r|||| 00| 0
007 ta
008 220917b |||||||| |||| 00| 0 eng d
020 _a9781119050995 (pbk)
_c3344.65
024 _a289,866
037 _b350, 22/03/2016, Sunrise Books
_cTextual
040 _aARTS
_cARTS
_beng
041 _2eng
_aeng
082 _aR1, Q5
100 _aPratt Scott L.
_932986
245 0 _aLogic
_b Inquiry, argument, and order
260 _aNew Jersey
_bwiley U.S.A.
_c2015
300 _ax, 261p.
_ccm.
650 _aPHILOSOPHY
942 _hR1, Q5
_cTEXL
_2CC
999 _c137175
_d137175